000 00415nam a2200145Ia 4500
008 231129s1992||||xx |||||||||||||| ||spa||
020 _a84-7509-740-5
040 _bspa
082 _a320.01 T289s
100 _aTenzer Nicolas
245 0 _aLa sociedad despolitizada: Ensayo sobre los fundamentos de la polí­tica
260 _c1992
264 _aPaidos
942 _2ddc
_cBKS
999 _c18238
_d18238